The golden age of travel (Record no. 79011)
[ view plain ]
| 000 -LEADER | |
|---|---|
| fixed length control field | 00919cab a22001935a 4500 |
| 001 - CONTROL NUMBER | |
| control field | L138846 |
| 008 - FIXED-LENGTH DATA ELEMENTS--GENERAL INFORMATION | |
| fixed length control field | 070717e20070713xxk f 000 0 eng d |
| 035 ## - SYSTEM CONTROL NUMBER | |
| System control number | (Sirsi) u138846 |
| 041 0# - LANGUAGE CODE | |
| Language code of text/sound track or separate title | eng |
| 100 1# - MAIN ENTRY--PERSONAL NAME | |
| Personal name | Glaser, Karen |
| 245 04 - TITLE STATEMENT | |
| Title | The golden age of travel |
| 260 ## - PUBLICATION, DISTRIBUTION, ETC. | |
| Date of publication, distribution, etc. | 2007 |
| 490 #0 - SERIES STATEMENT | |
| Series statement | Building |
| Volume/sequential designation | 272(8488) 13 July 2007, 54-57(4) |
| 520 ## - SUMMARY, ETC. | |
| Summary, etc. | Reports on the latest Hays Construction Property/Building international salary guide. Compares opportunities and salaries for quantity surveyors, project managers and engineers in the UK, Australia, Canada, Caribbean, Czech Republic, Egypt, France, Ireland, Italy, Netherlands, New Zealand, Portugal, Spain, and United Arab Emirates. Reveals that challenging jobs and healthy salaries await UK professionals willing to work abroad. |
| 590 ## - LOCAL NOTE (RLIN) | |
| Local note | KA |
| 651 #4 - SUBJECT ADDED ENTRY--GEOGRAPHIC NAME | |
| Geographic name | International |
| 690 ## - LOCAL SUBJECT ADDED ENTRY--TOPICAL TERM (OCLC, RLIN) | |
| Topical term or geographic name as entry element | CAREERS, EDUCATION AND TRAINING-SURVEYING APPOINTMENTS |
| 942 ## - ADDED ENTRY ELEMENTS (KOHA) | |
| Suppress in OPAC | 0 |
| Withdrawn status | Lost status | Source of classification or shelving scheme | Damaged status | Not for loan | Home library | Current library | Shelving location | Date acquired | Total Checkouts | Full call number | Barcode | Date last seen | Copy number | Price effective from | Koha item type |
|---|---|---|---|---|---|---|---|---|---|---|---|---|---|---|---|
| Dewey Decimal Classification | London | London | Journal article | 17/07/2007 | L138846 | 138846-1001 | 06/08/2019 | 1 | 06/08/2019 | Journal article |